00277nam a2200121Ia 4500008004100000041000800041082001200049100001500061245001600076260002700092300001900119999001700138241015s9999 xx 000 0 und d aeng a920 VIJ aShawan Vij aMoral Fiber bWileyaNew Dehlic2020 a180;. P. 22 cm c41624d41624